Tous les buteurs du PSG en LDC 2024/2025 - Statistiques

Statistiques générales
  • Ce quiz a été pris 2 046 fois
  • Le résultat moyen est 33 sur 34
Statistiques - réponses
Matchs Buteurs % Correct
Liverpool (Retour) 0-1 O.Dembélé 12'
100%
O.Dembélé 17', 35', 54'
100%
O.Dembélé 45', 66'
100%
D.Doué 20', 63'
99%
Aston Villa (Aller) 3-1 D.Doué 39'
99%
D.Doué 64'
99%
D.Doué 72'
99%
Arsenal (Aller) 0-1 O.Dembélé 4'
99%
Manchester City 4-2 O.Dembélé 56'
99%
Stade Brestois 29 (Retour) 7-0 B.Barcola 20'
98%
VfB Stuttgart 1-4 B.Barcola 6'
98%
Aston Villa (Retour) 2-3 Hakimi 11'
98%
Inter Milan 5-0 Hakimi 12'
98%
PSV 1-1 Hakimi 55'
98%
Hakimi 72'
98%
B.Barcola 60'
97%
Kvaratskhelia 39'
97%
Kvaratskhelia 49'
97%
Kvaratskhelia 73'
97%
Mayulu 86'
97%
Mayulu 86'
97%
N.Mendes 27'
97%
N.Mendes 69'
97%
N.Mendes 85'
97%
N.Mendes 90+2'
97%
João Neves 78'
96%
Arsenal (Retour) 2-1 Fabian Ruiz 27'
95%
Vitinha 59'
95%
Stade Brestois 29 (Aller) 0-3 Vitinha (P) 21'
95%
RB Salzbourg 0-3 G. Ramos 30'
94%
G.Ramos 76'
94%
G.Ramos 90+3'
94%
Atlético Madrid 1-2 Zaïre-Emery 14'
77%
Girona 1-0 CSC 90' (Gazzaniga)
62%
Aucun quiz correspondant
Distribution des résultats
% des personnes avec chaque résultat
Percentile par nombre de réponses
Votre historique - résultats
Vous n’avez pas pris ce quiz